00716nam a2200169 a 450000100100000000500170001000800410002704000250006808200150009310000350010824500650014326000410020830000180024959000760026795201860034399900170052900003501120200930074039.0111024s1962 ve 000 0 spa d aDO-SdBNPbspacBNPHU axxxxbxxxx1 aRangel, Domingo Alberto93062810aHistoria económica de Venezuela /cDomingo Alberto Rangel. aCaracas, :bPensamiento vivo,c1962. a386 ;c21 cm. aPerteneció a la biblioteca personal de Juan Isidro Jimenes Grullón. 001050718RVaGRbGRcHDd2011-10-24iLF1l0oxxxx xxxxp35011-10r2020-06-25w2020-06-25y1zPerteneció a la biblioteca personal de Juan Isidro Jimenes Grullón.ZNo se presta c34502d34502